Guess the Taylor Swift Song with No Hints - 15 - Statistics

General Stats
  • This quiz has been taken 54 times
  • The average score is 269 of 382
Answer Stats
Answer % Correct
a
98%
I
98%
it
98%
And
95%
and
95%
in
95%
me
95%
the
95%
The
95%
to
95%
we
95%
you
95%
you,
95%
your
93%
Your
93%
my
88%
When
88%
go
85%
I'm
85%
was
85%
No
83%
on
83%
But
80%
If
80%
if
80%
This
80%
Like
78%
not
78%
of
78%
down
75%
they
75%
all
73%
by
73%
Ever
73%
from
73%
Now
73%
(now)
73%
'Ti.
73%
At
70%
at
70%
Long
70%
about
68%
get
68%
know
68%
(know
68%
up
68%
bad
65%
just
65%
right
65%
Right
65%
short,
65%
story
65%
time
65%
us
65%
Yeah,
65%
yeah
65%
as
63%
guy
60%
tell
60%
things
60%
wrong
60%
fell
58%
hole
58%
rabbit
58%
survived
58%
back
55%
'Cause
55%
lips
55%
lost
55%
there's
55%
these
55%
walk
55%
always
53%
door
53%
look
53%
more
53%
more)
53%
'Til
53%
will
53%
Before
50%
high
50%
keep
50%
(keep
50%
nearest
50%
once
50%
pedestal
50%
shoe
50%
wanna
50%
break
48%
fits,
48%
heels
48%
keeping
48%
live
48%
score
48%
war
48%
battle
45%
Past
45%
precipice
45%
sleep
45%
warm
45%
warm)
45%
ways
45%
better
43%
both
43%
chance
43%
Clung
43%
evermore
43%
knocked
43%
meet
43%
petty
43%
ready
43%
sides
43%
sky
43%
someone
43%
surrounded
43%
tug
43%
alley
40%
battles
40%
comes
40%
defeat
40%
Everywhere
40%
felt
40%
gates,
40%
golden
40%
held
40%
keys
40%
passed
40%
pick
40%
picked
40%
swing
40%
themselves
40%
tried
40%
Climbed
38%
cuts
38%
Missing
38%
peace
38%
shore
38%
shouted
38%
sword
38%
words,
38%
bushes
35%
cliff
35%
dropped
35%
Fatefully
35%
he's
35%
knife
35%
Misery
35%
must
35%
Pushed
35%
Rare
35%
rearview
35%
comet
33%
waves
33%
glimmer
30%
passing
30%
threw
30%
Actually
28%
nemeses
28%
No matching quizzes found
Score Distribution
Percent of People with Each Score
Percentile by Number Answered
Your Score History
You have not taken this quiz